00781nam a2200241 a 450000100060000000300080000600500170001400800410003103500190007204000350009104100080012608200230013410000350015724500740019225000130026626000630027930000210034249000540036350000190041765000190043670000300045583000540048545798BD-RjUL20211209054053.0160728r19491946enk 001 0 eng c a(BD-RjUL)45916 aBD-RjULbengcBD-RjULdBD-RjUL aeng a 340bVIC 19492231 aVinogradoff, Paul,d1854-1925.10aCommon sense in law /cSir Paul Vinogradoff, revised by H. G. Hanbury a2nd ed.  aLondon :bOxford University Press,c1946.[Correction 1949] a192 p. ;c17 cm. aHome university library of modern knowledge ;v83 aIncludes Index 0aJurisprudence.1 aHanbury, H. G.d1898-1993 aHome university library of modern knowledge ;v83